Elenca la formazione - Quiz n°166 - Statistics

Statistiche generali
  • Questo quiz è stato fatto 65 volte
  • Il punteggio medio è 10 su 11
Statistiche sulle risposte
Ruolo Nazione Calciatore % Corretto
Portiere Belgio Thibaut Courtois
100%
Centrocampista Brasile Casemiro
98%
Attaccante Francia Karim Benzema
98%
Centrocampista Croazia Luka Modrić
98%
Centrocampista Germania Toni Kroos
98%
Attaccante Brasile Vinícius Júnior
98%
Difensore Brasile Éder Militão
93%
Difensore Francia Raphaël Varane
92%
Centrocampista Spagna Daniel Carvajal
82%
Difensore Spagna Nacho
67%
Centrocampista Brasile Marcelo
62%
Nessun quiz corrispondente trovato
Distribuzione punteggi
Percentuale di utenti per punteggio
Percentile per numero di risposta
I tuoi punteggi nel tempo
Non hai fatto questo quiz